Central Library OPAC University of Rajshahi

ইঙ্গ-বর্মী সম্পর্ক (১৬৪৭-১৮৮৫) / (Record no. 46938)

MARC details
000 -LEADER
fixed length control field 00911nam a2200229 a 4500
001 - CONTROL NUMBER
control field 46938
003 - CONTROL NUMBER IDENTIFIER
rucl marc code BD-RjUL
005 - DATE AND TIME OF LATEST TRANSACTION
control field 20211209054231.0
008 - FIXED-LENGTH DATA ELEMENTS--GENERAL INFORMATION
fixed length control field 160806s1998 bg ||||| b||| 00| 0 ben d
020 ## - INTERNATIONAL STANDARD BOOK NUMBER
International Standard Book Number 9840737902
035 ## - SYSTEM CONTROL NUMBER
System control number (BD-RjUL)47057
040 ## - CATALOGING SOURCE
Original cataloging agency BD-RjUL
Language of cataloging ben
Transcribing agency BD-RjUL
Modifying agency BD-RjUL
041 ## - LANGUAGE CODE
Language code of text/sound track or separate title ben
082 ## - DEWEY DECIMAL CLASSIFICATION NUMBER
Classification number 327.420591
Edition number 23
Author mark and year ISI 1998
100 1# - MAIN ENTRY--PERSONAL NAME
Personal name ইসলাম, মোঃ সিরাজুল
9 (RLIN) 142972
245 1# - TITLE STATEMENT
Title ইঙ্গ-বর্মী সম্পর্ক (১৬৪৭-১৮৮৫) /
Statement of responsibility, etc. মোঃ সিরাজুল ইসলাম
260 ## - PUBLICATION, DISTRIBUTION, ETC. (IMPRINT)
Place of publication, distribution, etc. ঢাকা :
Name of publisher, distributor, etc. বাংলা একাডেমী,
Date of publication, distribution, etc. ১৯৯৮
300 ## - PHYSICAL DESCRIPTION
Pagination ১৯০ পৃ. ;
Size ২২ সেমি.
650 ## - SUBJECT ADDED ENTRY--TOPICAL TERM
Topical term or geographic name as entry element আন্তর্জাতিক সম্পর্ক
Geographic subdivision ইংলিশ-বার্মা
9 (RLIN) 142973
Topical term or geographic name as entry element International Relation
Geographic subdivision English - Burma
9 (RLIN) 142974
942 ## - ADDED ENTRY ELEMENTS (KOHA)
Source of classification or shelving scheme Dewey Decimal Classification
Koha item type Books
Holdings
Lost status Source of classification or shelving scheme Damaged status Not for loan Collection code Permanent Location Current Location Shelving location Date acquired Source of acquisition Cost, normal purchase price Total Checkouts Full call number Date last seen Date checked out Copy number Koha item type
  Dewey Decimal Classification     Non-fiction Central Library, University of Rajshahi Central Library, University of Rajshahi   07/04/2003 Shirajul islam Durgapur college, Rajshahi 60.00 1 B 327.420591 ISI 1998 09/04/2023 28/03/2023 C-2 Books
  Dewey Decimal Classification     Non-fiction Central Library, University of Rajshahi Central Library, University of Rajshahi   07/04/2003 Shirajul islam Durgapur college, Rajshahi 60.00 2 B 327.420591 ISI 1998 18/11/2017 11/11/2017 C-3 Books
  Dewey Decimal Classification     Non-fiction Central Library, University of Rajshahi Central Library, University of Rajshahi   07/04/2003 Shirajul islam Durgapur college, Rajshahi 60.00   B 327.420591 ISI 1998 06/08/2016   C-4 Books
  Dewey Decimal Classification     Non-fiction Central Library, University of Rajshahi Central Library, University of Rajshahi   07/04/2003 Shirajul islam Durgapur college, Rajshahi 60.00   B 327.420591 ISI 1998 06/08/2016   C-5 Books
  Dewey Decimal Classification     Non-fiction Central Library, University of Rajshahi Central Library, University of Rajshahi   07/04/2003 Shirajul islam Durgapur college, Rajshahi 60.00   B 327.420591 ISI 1998 06/08/2016   C-6 Books
  Dewey Decimal Classification     Non-fiction Central Library, University of Rajshahi Central Library, University of Rajshahi   07/04/2003 Shirajul islam Durgapur college, Rajshahi 60.00   B 327.420591 ISI 1998 06/08/2016   C-7 Books
  Dewey Decimal Classification     Non-fiction Central Library, University of Rajshahi Central Library, University of Rajshahi   07/04/2003 Shirajul islam Durgapur college, Rajshahi 60.00   B 327.420591 ISI 1998 06/08/2016   C-8 Books
  Dewey Decimal Classification     Non-fiction Central Library, University of Rajshahi Central Library, University of Rajshahi   07/04/2003 Shirajul islam Durgapur college, Rajshahi 60.00   B 327.420591 ISI 1998 06/08/2016   C-9 Books
  Dewey Decimal Classification     Non-fiction Central Library, University of Rajshahi Central Library, University of Rajshahi   15/09/1998 anudan     B 327.420591 ISI 1998 06/08/2016   C-10 Books
  Dewey Decimal Classification   Not For Loan Non-fiction Central Library, University of Rajshahi Central Library, University of Rajshahi Reading Room 07/04/2003 Shirajul islam Durgapur college, Rajshahi 60.00   B 327.420591 ISI 1998 04/03/2018   C-1 Books